Capitalismo, socialismo y democracia /

Guardado en:
Autor Principal: Schumpeter, Joséph A.
Formato: Libro
Publicado: México : Aguilar, 0
Edición:3a. ed.
Materias:
Etiquetas: Agregar Etiqueta
Sin Etiquetas, Sea el primero en etiquetar este registro!
LEADER 01026nam a22002295a 4500
001 CEM.cems005906
005 20060214000000.0
008 130507b######################000#0#####d
003 CEMS
082 0 4 |a 330.15 
100 1 |a Schumpeter, Joséph A. 
245 1 0 |a Capitalismo, socialismo y democracia / 
250 |a 3a. ed. 
260 |a México :  |b Aguilar, 0 
300 |a 512 p. 
505 0 |a El hombre, la obra, la crisis del liberalismo economico; Division del trabajo; Origen y uso de la moneda; Precio real y nominal de toda mercaderia; Salarios del trabajo; Ganancias de los fondos; Desigualdades que dimanan de la naturaleza de los empleos; Desigualdades que produce la política de Europa; Renta de la tierra; Variaciónes del valor de la plata en el transcurso de los cuatro siglos precedentes en el mercado de Europa. 
653 |a Capitalismo 
653 |a Democracia 
653 |a Economia-doctrinas 
653 |a Marxismo 
653 |a Socialismo 
859 |a CEMS  |b BIB. CEMS - 11 de abril  |h 330.15  |i Sc86a3  |p 3264.74  |t Ej.1